2925-神戸市灘区(兵庫県)の駅 - Statistics

General Stats
  • This quiz has been taken 16 times
  • The average score is 9 of 13
Answer Stats
Answer % Correct
六甲
100%
100%
六甲道
93%
摩耶
93%
王子公園
79%
大石
79%
新在家
71%
西灘
71%
岩屋
71%
六甲山上
50%
摩耶ケーブル
36%
六甲ケーブル下
29%
ケーブル虹の駅
14%
No matching quizzes found
Score Distribution
Percent of People with Each Score
Percentile by Number Answered
Your Score History
You have not taken this quiz